000
00297nam a2200121 4500
999
_c
8257
_d
8257
003
OSt
005
20201008131908.0
008
201008b ||||| |||| 00| 0 eng d
020
_a
9788190662529
082
_a
624.1762
_b
DAS
245
_a
An introduction to seismic safety in Architecture
942
_2
ddc